Т. 43, № 5; Физика и химия стекла

Detalles Bibliográficos
Parent link:Физика и химия стекла/ Российская академия наук (РАН), Институт химии силикатов им. И. В. Гребенщикова (ИХС РАН). Т. 43, № 5.— , 1977-
Idioma:ruso
Publicado: 2017
Acceso en liña:https://elibrary.ru/contents.asp?id=34542733
Formato: MixedMaterials Electrónico Libro
KOHA link:https://koha.lib.tpu.ru/cgi-bin/koha/opac-detail.pl?biblionumber=577810

MARC

LEADER 00000nam2a2200000 4500
001 577810
005 20231101130424.0
035 |a (RuTPU)RU\TPU\prd\277220 
035 |a RU\TPU\prd\277219 
090 |a 577810 
100 |a 20180521a19759999k y0rusy50 ca 
101 0 |a rus 
102 |a RU 
181 0 |a i  
182 0 |a b 
200 0 |a Т. 43, № 5  |b Электронный ресурс 
203 |a Текст  |c электронный 
210 |d 2017 
461 1 |0 (RuTPU)RU\TPU\prd\405  |t Физика и химия стекла  |f Российская академия наук (РАН), Институт химии силикатов им. И. В. Гребенщикова (ИХС РАН)  |v Т. 43, № 5  |d 1977- 
801 0 |a RU  |b 63413507  |c 20010227  |g PSBO 
801 1 |a RU  |b 63413507  |c 20170824 
801 2 |a RU  |b 63413507  |c 20230120  |g RCR 
856 4 0 |u https://elibrary.ru/contents.asp?id=34542733 
942 |c BK